| 000 | 01201nam a22001577a 4500 | ||
|---|---|---|---|
| 041 | _aukr | ||
| 080 | _a09 | ||
| 090 | _bФІЛ | ||
| 100 | _aФіліпова В.В. | ||
| 245 | _aМовні засоби комунікативної мети при вирішенні конфліктів | ||
| 260 |
_aОстог _bКАФ _c2009 |
||
| 300 | _a39 | ||
| 520 |
_aВСТУП
РОЗДІЛ 1 СТАН ДОСЛІДЖЕННЯ ПРОБЛЕМИ КОМУНІКАТИВНИХ КОНФЛІКТІВ У СУЧАСНІЙ ЛІНГВІСТИЦІ
1.1 Загальне поняття про комунікативний конфлікт.
1.2 Мовні засоби у конфліктних ситуаціях.
РОЗДІЛ 2 ДОСЛІДЖЕННЯ МОВНИХ КОНФЛІКТІВ (НА ПРИКЛАДАХ АНГЛОМОВНИХ ТЕКСТІВ)
2.1 Аналіз комунікативного конфлікту між сусідами.
2.2 Дослідження службової суперечки.
2.3 Службова сварка.
2.4 Подружні конфлікти.
ВИСНОВКИ _0комунікативні конфлікти, лінгвістика |
||
| 650 | _aResearch Papers | ||
| 999 |
_c284150 _d284150 |
||
| 942 | _cBK | ||